000 00763nam a22001337a 4500
040 _cRUA
082 _aAGR ROU 2013 B053 Or.1
100 _aROURN, ROMPHEUY.
245 _acomparison the effect of difference fertilizers on bunching onion in crop station royal university of agriculture (ការប្រៀបធៀបឥទ្ធិពលជីផ្សេងៗគ្នាលើដំណាំខ្ទឹមស្លឹកនៅស្តានីយ៍ពិសោធន៍ដំណាំសាកលវីទ្យាល័យភូមិន្ទកសិកម្ម)
260 _aPhnom Penh
_bRUA
_c2013
300 _axii, 42p.
_bill.
_c29cm.
856 _uhttps://drive.google.com/file/d/11A10usptuQe_Ijad_BJXJbLaWPU6Moc0/view?usp=sharing
942 _cAGR
999 _c1378
_d1378